| 000 | 00690cam a2200193 4500 | ||
|---|---|---|---|
| 008 | 000000n2000 000 0 eng u | ||
| 035 | _a(Sirsi) u106102 | ||
| 245 | _aIT moves | ||
| 260 | _c2000 | ||
| 490 |
_aFinancial Times _v25 May 2000, 20(1) |
||
| 520 | _aLand Securities is in talks with tenants about developing an information technology strategy. The initiative follows pressure from commercial tenants seeking access to high-speed broadband services. | ||
| 590 | _aWB | ||
| 650 | _aTELECOMMUNICATIONS | ||
| 650 | _aLAND SECURITIES | ||
| 650 | _aCOMMERCIAL TENANTS | ||
| 650 | _aIT STRATEGY | ||
| 690 | _aMANAGEMENT-BUSINESS MANAGEMENT-INFORMATION MANAGEMENT | ||
| 942 | _n0 | ||
| 999 |
_c63566 _d63566 |
||